Statystyki dla Państwa graniczące z trzema krajami

Kliknij tutaj aby rozwiązać quiz!

Ogólne statystyki

  • Ten quiz został rozwiązany 198 razy
    (152 od ostatniego zresetowania)
  • Średni wynik to 12 z 28

Statystyki odpowiedzi

Państwa% Poprawnych
Finlandia
67%
Norwegia
67%
Meksyk
63%
Chile
60%
Gujana
52%
Luksemburg
49%
Paragwaj
49%
Surinam
49%
Egipt
47%
Indonezja
47%
Maroko
47%
Wenezuela
47%
Oman
46%
Holandia
42%
Honduras
41%
Korea Północna
41%
Kambodża
40%
Malezja
38%
Erytrea
33%
Somalia
33%
Dżibuti
31%
Togo
29%
Bośnia i Hercegowina
28%
Gabon
27%
Burundi
23%
Ghana
22%
Liberia
22%
Malawi
20%

Rozkład punktacji

Percentyl według liczby udzielonych odpowiedzi

Procent ludzi z każdym wynikiem

Twoja historia wyników

Nie rozwiązałeś tego quizu od ostatniego zresetowania